00680cam a22002297a 4500003000500000005001700005008004100022010001000063011001000073035001000083040000900093082001600102100002800118245005100146260004600197300001000243490003900253650004000292650004200332651003700374830003900411CHAP20220329142549.0971010s1971 mx r 00010 d a84973 a85945 a96483 cCHAP a972.083bZ300aZevada, Ricardo José. 0aCalles, el presidentec/ por Ricardo J. Zevada aMéxico, D. F. :bNuestro Tiempo,c1971. a171 p 0aPensamiento político de México04aMéxicoxHistoria contemporánea.14aCalles, Plutarco Elías,y1877-1945. 4aMéxicoxPolítica y gobierno.0 aPensamiento político de México